000 00226nam a2200085Ia 4500
245 0 _aAn element of magic
100 _a MORRISON, Karen Cambridge, 2009
_938888
942 _cBK
008 210818s9999 xx 000 0 und d
999 _c427127
_d427126